000 00625nam a2200205Ii 4500
003 JO-AjNU
008 230605s9999||||xx |||||||||||||| ||und||
017 _a78/2135
040 _aJO-AjNU
_bara
_erda
_cJO-AjNU
041 _aara
050 1 4 _aLB880.L85 1978
100 3 _aأحمد،لطفي بركات,
_eauthor
_920267
245 0 0 _aفي فلسفة التربية
264 3 1 _aالقاهرة:مكتبة الخانجي
300 _a248ص
336 _atext
_btxt
_2rdacontent
337 _aunmediated
_bn
_2rdamedia
338 _avolume
_bnc
_2rdacarrier
650 4 _aالتربية و التعليم-فلسفة
_920268
999 _aA6838
_c10406
_d10406